K vybraným otázkam multilingvizmu a súčasnej jazykovej politiky

Problematika multilingvizmu a otázky jazykovej politiky aktérov medzinárodných vzťahov v čase globalizácie. Význam lingvistického faktora vo svetovom dianí a mechanizmy jazykovej politiky vo vybraných geopolitických spoločenstvách spätých s naplnením idey multikulturalizmu a multilingvizmu. Analýza...

Ausführliche Beschreibung

Gespeichert in:
Bibliographische Detailangaben
1. Verfasser: Rusiňáková, Jarmila, 1959-
Format: Buchkapitel
Sprache:Slowakisch
Schlagworte:
Tags: Tag hinzufügen
Keine Tags, Fügen Sie das erste Tag hinzu!

MARC

LEADER 00000naa$a2200000$$$4500
001 0277261
005 20240502074324.2
041 0 |a slo 
044 |a SK 
245 1 0 |a K vybraným otázkam multilingvizmu a súčasnej jazykovej politiky  |c Jarmila Rusiňáková 
520 |a Problematika multilingvizmu a otázky jazykovej politiky aktérov medzinárodných vzťahov v čase globalizácie. Význam lingvistického faktora vo svetovom dianí a mechanizmy jazykovej politiky vo vybraných geopolitických spoločenstvách spätých s naplnením idey multikulturalizmu a multilingvizmu. Analýza lingvopolitickej situácie vo vybraných krajinách s lingvistickou diverzifikáciou. Multilingvizmus a jazyková politika Európskej únie. 
610 2 0 |a jazykoveda 
610 2 0 |a jazyk štátny 
610 2 0 |a jazyky cudzie 
610 2 0 |a jazyk diplomatický 
610 2 0 |a multikulturalizmus 
610 2 0 |a globalizácia 
610 2 0 |a politika integračná 
610 2 0 |a vzťahy medzinárodné 
610 2 0 |a Európska únia 
100 1 |a Rusiňáková, Jarmila, 1959-